LEADER 02269nam 22004693 450 001 9910554284603321 005 20231110215527.0 010 $a9783110495799 010 $a3110495791 035 $a(CKB)4100000011570177 035 $a(MiAaPQ)EBC6386325 035 $a(Au-PeEL)EBL6386325 035 $a(OCoLC)1206394627 035 $a(Exl-AI)6386325 035 $a(EXLCZ)994100000011570177 100 $a20210901d2020 uy 0 101 0 $ager 135 $aurcnu|||||||| 181 $ctxt$2rdacontent 182 $cc$2rdamedia 183 $acr$2rdacarrier 200 10$aWa?rme und Energie 205 $a1st ed. 210 1$aBerlin/Mu?nchen/Boston :$cWalter de Gruyter GmbH,$d2020. 210 4$dİ2021. 215 $a1 online resource (278 pages) 225 1 $aDe Gruyter Studium 327 $aIntro -- Inhalt -- Vorwort -- Legende -- 1 Temperatur -- 2 Phasen -- 3 Entropie -- 4 Wa?rmemaschinen -- 5 Chemisches Potential -- 6 Energie -- 7 Licht -- 8 Regenerative Energiegewinnung -- 9 Energiespeicher -- 10 Nachhaltigkeit -- 11 Teilchen -- Literatur -- Bildnachweis -- Stichwortverzeichnis. 330 $aThis book provides a comprehensive exploration of the concepts of heat and energy, focusing on their physical principles and applications. It covers topics such as temperature, phases of matter, entropy, gas laws, turbines, heat pumps, diffusion, electrolysis, energy forms and conversion, and the role of light and renewable energy sources like wind, water, and photovoltaic systems. The authors aim to offer a systematic and clear presentation of these topics, enhanced by didactic comments and practical examples. The book is intended for students and readers interested in gaining a deeper understanding of thermal physics and its implications in the context of climate change and energy efficiency.$7Generated by AI. 410 3$aDe Gruyter Studium 606 $aThermodynamics$7Generated by AI 606 $aHeat engineering$7Generated by AI 615 0$aThermodynamics 615 0$aHeat engineering 700 $aMeyn$b Jan-Peter$01202974 801 0$bMiAaPQ 801 1$bMiAaPQ 801 2$bMiAaPQ 906 $aBOOK 912 $a9910554284603321 996 $aWa?rme und Energie$92816002 997 $aUNINA